Statistics for America's Next Top Model Contestants

Click here to take the quiz!

General Stats

  • This quiz has been taken 1,331 times
    (853 since last reset)
  • The average score is 216 of 296

Answer Stats

CycleName% Correct
3 | 15Ann
94%
5 | 9 | 13Lisa
92%
2 | 6 | 15 | 16Sara
92%
4 | 5 | 8 | 9Sarah
92%
6Danielle
90%
3Eva
90%
1 | 3 | 5 | +2 othersNicole
90%
3 | 7Amanda
89%
16Brittani
89%
4 | 8 | 11 | +2 othersBrittany
89%
15 | 20Chris
89%
13 | 18 | 19Laura
89%
4 | 7Michelle
89%
10 | 12Allison
87%
2Anna
87%
5Bre
87%
7CariDee
87%
13Jennifer
87%
3Jennipher
87%
5Kim
87%
9 | 10Kimberly
87%
7Melrose
87%
8 | 10Whitney
87%
11 | 16Hannah
86%
6Jade
86%
12 | 14Jessica
86%
6Mollie Sue
86%
1Adrianne
84%
18Eboni
84%
1 | 5 | 9Ebony
84%
8Jaslene
84%
10Lauren
84%
11Lauren Brie
84%
8 | 11Samantha
84%
3Yaya
84%
15Jane
83%
11McKey
83%
16Molly
83%
4Naima
83%
8Natasha
83%
5Nik
83%
1Shannon
83%
2Yoanna
83%
6Joanie
82%
15Kayla
82%
14Ren
82%
5 | 13 | 18 | 22Ashley
81%
2Catie
81%
21Chantelle
81%
2 | 9Heather
81%
11Isis
81%
1Katie
81%
4Tiffany
81%
9Jenah
80%
5 | 18 | 23Kyle
80%
1Robin
80%
9Saleisha
80%
18Sophie
80%
10Anya
79%
9 | 13 | 20Bianca
79%
10 | 16Dominique
79%
14Krista
79%
2Mercedes
79%
7 | 16Monique
79%
8 | 20Renee
79%
12Teyona
79%
9 | 19Victoria
79%
14 | 20Alexandra
78%
5 | 8Cassandra
78%
9Chantal
78%
13Erin
78%
10Fatima
78%
4Rebecca
78%
10Aimee
77%
10Amis
77%
6 | 7Brooke
77%
4Christina
77%
13Courtney
77%
1Elyse
77%
7Eugena
77%
12Kortnie
77%
7Megan
77%
14Angelea
76%
20Cory
76%
22Nyle
76%
11Sheena
76%
16Alexandria
75%
2April
75%
12Celia
75%
8Diana
75%
6Gina
75%
12Natalie
75%
14Raina
75%
12Aminat
74%
11Analeigh
74%
15Chelsey
74%
6Furonda
74%
3Kelle
74%
11Marjorie
74%
4 | 23Tatiana
74%
14Tatianna
74%
6Wendy
74%
2Camille
73%
5Diane
73%
12Fo
73%
10Katarzyna
73%
6Nnenna
73%
2Shandi
73%
7Anchal
72%
11Elina
72%
7Megg
72%
3Toccara
72%
14Brenda
71%
10Claire
71%
12Isabella
71%
8Jael
71%
5Jayla
71%
20Jourdan
71%
4Kahlen
71%
6Leslie
71%
10Stacy-Ann
71%
2Xiomara
71%
7AJ
70%
8Dionne
70%
9Janet
70%
6 | 21Kari
70%
3Magdalena
70%
19Maria
70%
3Norelle
70%
12Sandra
70%
15Terra
70%
1Tessa
70%
3Cassie
69%
7Christian
69%
3Julie
69%
1Kesse
69%
3Kristi
69%
9Mila
69%
4Noelle
69%
14Alasia
68%
9Ambreal
68%
11Clark
68%
22 | 23Courtney
68%
8Felicia
68%
1Giselle
68%
2Jenascia
68%
8Kathleen
68%
4Keenyah
68%
4Lluvy
68%
13Rachel
68%
18Seymone
68%
14Simone
68%
4Brandy
67%
11Joslyn
67%
6Kathy
67%
19Leila
67%
12London
67%
13Rae
67%
13Sundai
67%
12Tahlia
67%
16Jaclyn
66%
13Kara
66%
21Keith
66%
15Liz
66%
21Will
66%
14Anslee
65%
2Bethany
65%
4Brita
65%
14Gabrielle
65%
7Jaeda
65%
16Kasia
65%
19Kiara
65%
3Leah
65%
21Lenox
65%
18Louise
65%
22Mamé
65%
5Coryn
64%
20Marvin
64%
10Marvita
64%
20Mike
64%
20Nina
64%
18Alisha
63%
15Anamaria
63%
18Annaliese
63%
18AzMarie
63%
15Esther
63%
23India
63%
15Rhianna
63%
11ShaRaun
63%
21Adam
62%
13Lulu
62%
11Nikeysha
62%
21Romeo
62%
18Catherine
61%
15Kacey
61%
21Mirjana
61%
14Naduah
61%
16Angelia
60%
22Justin
60%
15Kendal
60%
19Kristin
60%
21Shei
60%
10Atalya
59%
16Dalya
59%
20Don
59%
22Lacey
59%
15Lexie
59%
16Mikaela
59%
19Nastasia
59%
21Denzel
58%
16Ondrei
58%
22Ava
57%
22Dustin
57%
22Hadassah
57%
19Jessie
57%
22Bello
56%
21Ben
56%
22Devin
56%
18Mariah
56%
12Nijah
56%
19Destiny
55%
20Jeremy
55%
18Candace
54%
22Mikey
54%
20Phil
54%
19Yvonne
54%
21Ivy
53%
18Jasmia
53%
19Darian
52%
21Matthew
52%
21Raelia
51%
19Allyssa
50%
23Cody
50%
22Delanie
50%
20Jiana
50%
23Tash
50%
20Chlea
49%
20Kanani
49%
23Marissa
49%
22Stefano
49%
23Binta
46%
23Cory Anne
46%
23Justine
46%
23Paige
45%
23Cherish
43%
23Krislian
43%
23Giah
42%

Score Distribution

Percentile by Number Answered

Percent of People with Each Score

Your Score History

You have not taken this quiz since the last reset